1987 census of agriculture. Volume 1, Geographic area series. Part 48, West Virginia, state and county data.

Bibliographic Details
Uniform Title:Census of agriculture (1987).
Corporate Author: United States. Bureau of the Census
Format: Government Document eBook
Language:English
Published: Washington, DC : U.S. Dept. of Commerce, Bureau of the Census : [1989]
Subjects:
Online Access:https://purl.fdlp.gov/GPO/gpo24482

MARC

Tag First Indicator Second Indicator Subfields
LEADER 00000cam a2200000 a 4500
001 in00002755521
005 20211120165006.0
006 m o d f
007 cr bn|||||||||
008 120628s1989 dcuabk os f001 0 eng c
035 |a (OCoLC)ocn796993418 
040 |a GPO  |c GPO  |d MvI  |d UtOrBLW 
042 |a pcc 
043 |a n-us-wv 
049 |a WWW 
074 |a 0152-A-15 (online) 
086 0 |a C 3.31/4:987/V.1/PT.48 
088 |a AC 87-A-48 
130 0 |a Census of agriculture (1987).  |p Geographic area series. 
245 1 0 |a 1987 census of agriculture.  |n Volume 1,  |p Geographic area series.  |n Part 48,  |p West Virginia, state and county data. 
246 3 0 |a Geographic area series, West Virginia, state and county data 
246 3 0 |a West Virginia, state and county data 
264 1 |a Washington, DC :  |b U.S. Dept. of Commerce, Bureau of the Census :  |c [1989] 
264 2 |a Washington, DC :  |b For sale by Supt. of Docs., U.S. G.P.O., 
300 |a 1 online resource (384 unnumbered pages) :  |b illustrations, map, forms 
336 |a text  |b txt  |2 rdacontent 
337 |a computer  |b c  |2 rdamedia 
338 |a online resource  |b cr  |2 rdacarrier 
500 |a Title from PDF title screen (viewed June 26, 2012). 
500 |a "Issued April 1989." 
500 |a Includes index. 
500 |a "AC87-A-48." 
500 |a U.S. G.P.O. sales statement incorrect in publication. 
500 |a Electronic resource. 
650 0 |a Agriculture  |z West Virginia  |v Statistics. 
710 1 |a United States.  |b Bureau of the Census. 
776 0 8 |i Print version:  |t 1987 census of agriculture. Volume 1, Geographic area series. Part 48, West Virginia, state and county data  |w (OCoLC)19738518 
856 4 0 |u https://purl.fdlp.gov/GPO/gpo24482  |t 0 
999 |a MARS 
999 f f |s 339b0498-9a2f-30d3-868e-29ca04aa87f8  |i 3dddb10e-3336-304c-aa05-0016a4b50e07  |t 0 
952 f f |a Texas A&M University  |b College Station  |c Electronic Resources  |d Available Online  |t 0  |e C 3.31/4:987/V.1/PT.48  |h Superintendent of Documents classification 
998 f f |a C 3.31/4:987/V.1/PT.48  |t 0  |l Available Online